[Event "AUTO-OPEN-2961"]
[Site "http://www.queenalice.com/game.php?id=1169613"]
[Date "2013.4.8"]
[Round "1"]
[White "hirano"]
[Black "Artking"]
[Result "0-1"]
[WhiteElo "1679"]
[BlackElo "1938"]

1. e4 c5 2. Nf3 a6 3. d4 cxd4 4. Nxd4 d6 5. f4 e5 6. fxe5 dxe5 7. Bc4 Qxd4 8.
Qxd4 exd4 9. c3 dxc3 10. Nxc3 Bb4 11. O-O Bc5+ 12. Kh1 Be6 13. Nd5 Bxd5 14. Bxd5
Nf6 15. Bxb7 Ra7 16. Bd5 O-O 17. Bf4 Nbd7 18. e5 Nh5 19. Bc6 Nxf4 20. Rxf4 Nxe5
21. Be4 Rd7 22. Rh4 f5 23. Bc2 Ng4 24. h3 Bf2 25. Rh5 g6 26. Rg5 Ne3 27. Bb3+
Kg7 28. g4 h6 29. Rxg6+ Kxg6 0-1

[Event "AUTO-OPEN-2961"]
[Site "http://www.queenalice.com/game.php?id=1169614"]
[Date "2013.4.8"]
[Round "1"]
[White "Artking"]
[Black "hirano"]
[Result "1-0"]
[WhiteElo "1927"]
[BlackElo "1695"]

1. e4 e5 2. Nf3 Nc6 3. Bb5 Nf6 4. d3 Bc5 5. c3 O-O 6. O-O d5 7. Bxc6 bxc6 8.
Nxe5 Bd6 9. f4 Bxe5 10. fxe5 Ng4 11. d4 Qh4 12. Bf4 dxe4 13. Nd2 g5 14. Bg3 Qh6
15. Qe2 e3 16. Ne4 a5 17. h3 Ba6 18. Qxg4 Bxf1 19. Rxf1 Qg6 20. Rf6 Qg7 21. Rxc6
Rab8 22. Nf6+ Kh8 23. e6 Rxb2 24. e7 Rf2 25. Be5 e2 26. exf8=R+ Qxf8 27. Kxf2
1-0

[Event "AUTO-ADV-2814"]
[Site "http://www.queenalice.com/game.php?id=1169830"]
[Date "2013.4.9"]
[Round "1"]
[White "Canaye"]
[Black "hirano"]
[Result "1-0"]
[WhiteElo "1811"]
[BlackElo "1707"]

1. d4 d5 2. c4 dxc4 3. e3 Qd5 4. Nc3 Qg5 5. e4 Qg6 6. Bxc4 Qxg2 7. Qf3 Bh3 8.
Qxf7+ Kd8 9. Qxf8+ Kd7 10. Qf3 Qxf3 11. Nxf3 Bg2 12. Ne5+ Ke8 13. Rg1 Bh3 14.
Rxg7 Nf6 15. Nb5 Na6 16. Bh6 c6 17. Bf7+ Kd8 18. Nc3 Kc7 19. O-O-O Rad8 20. d5
c5 21. Nb5+ Kb6 22. a4 Nxe4 23. Nc4# 1-0

[Event "AUTO-ADV-2814"]
[Site "http://www.queenalice.com/game.php?id=1169831"]
[Date "2013.4.9"]
[Round "1"]
[White "hirano"]
[Black "Canaye"]
[Result "0-1"]
[WhiteElo "1688"]
[BlackElo "1863"]

1. e4 e6 2. d4 d5 3. e5 c5 4. c3 Nc6 5. Nf3 Qb6 6. Be3 Qxb2 7. Bd3 c4 8. Bc1
Qxa1 9. Qa4 cxd3 10. Nfd2 Bd7 11. O-O Nxe5 12. Qb3 Nc4 13. Qxb7 Rc8 14. Qxa7
Nxd2 15. Bxd2 Qb2 16. Rc1 Ne7 17. Qa6 Nc6 18. Qxd3 Be7 19. c4 Qxd4 20. Qg3 O-O
21. Bh6 Bf6 22. cxd5 Qxd5 23. Nc3 Bxc3 24. h3 Bf6 25. Qf4 Ne5 26. Bg5 Bxg5 27.
Qxg5 Nf3+ 0-1

[Event "AUTO-ADV-2814"]
[Site "http://www.queenalice.com/game.php?id=1169844"]
[Date "2013.4.9"]
[Round "1"]
[White "hirano"]
[Black "KeeDutra"]
[Result "0-1"]
[WhiteElo "1739"]
[BlackElo "1599"]

1. e4 e5 2. Nf3 Nf6 3. Nc3 Bc5 4. Bc4 d6 5. d4 exd4 6. Nxd4 O-O 7. Bg5 h6 8.
Bxf6 Qxf6 9. Nce2 Nd7 10. O-O Ne5 11. Bb3 Qg5 12. g3 Bxd4 13. Nxd4 Bg4 14. f3
Qe3+ 15. Kg2 Bd7 16. Nf5 Bxf5 17. exf5 Qc5 18. f4 Nd7 19. Qd3 Rae8 20. g4 Re3
21. Qd2 Nf6 22. g5 hxg5 23. fxg5 Ne4 24. Qd5 Re2+ 25. Kh1 Nf2+ 26. Kg2 Qxd5+ 27.
Bxd5 Rd2 28. Rxf2 Rxd5 29. Re1 Re5 30. Ref1 g6 31. fxg6 Rxg5+ 32. Kh3 Rxg6 33.
Rg2 Re8 34. Rgf2 Re5 35. Kh4 Rg7 36. Rf5 Kf8 37. Rxe5 dxe5 38. Re1 f6 39. Re4
Rg2 40. Kh5 Rxh2+ 41. Kg6 Ke7 42. Rc4 c6 43. a4 Ke6 44. b4 Rg2+ 0-1

[Event "AUTO-ADV-2814"]
[Site "http://www.queenalice.com/game.php?id=1169845"]
[Date "2013.4.9"]
[Round "1"]
[White "KeeDutra"]
[Black "hirano"]
[Result "1-0"]
[WhiteElo "1543"]
[BlackElo "1772"]

1. e4 e5 2. Nf3 Nc6 3. Bb5 Nd4 4. Nxd4 exd4 5. O-O c6 6. Bc4 d5 7. exd5 cxd5 8.
Bb3 Be6 9. d3 b5 10. Bf4 a5 11. c3 dxc3 12. Nxc3 Ne7 13. Nxb5 f6 14. Bc7 Qd7 15.
Nd6+ Qxd6 16. Bxd6 Ng6 17. Re1 Kd7 18. Qe2 Bf5 19. Bxf8 Rhxf8 20. g4 Rfe8 21.
Ba4+ 1-0

[Event "AUTO-ADV-2814"]
[Site "http://www.queenalice.com/game.php?id=1169846"]
[Date "2013.4.9"]
[Round "1"]
[White "hirano"]
[Black "tianedutra"]
[Result "0-1"]
[WhiteElo "1825"]
[BlackElo "1740"]

1. e4 e5 2. Nf3 Nf6 3. Nc3 Bc5 4. Bc4 d6 5. d3 Bg4 6. h3 Bd7 7. Bg5 h6 8. Bxf6
Qxf6 9. Nd5 Qd8 10. O-O Nc6 11. c3 O-O 12. d4 exd4 13. cxd4 Bb6 14. Nxb6 axb6
15. e5 dxe5 16. dxe5 Qe7 17. Re1 Be6 18. Bxe6 Qxe6 19. Nd4 Nxd4 20. Qxd4 Rxa2
21. f4 c5 22. Qe4 Rxb2 23. Qxb7 c4 24. Ra3 Qc8 25. Qe7 c3 26. Rc1 Qc6 0-1

[Event "AUTO-ADV-2814"]
[Site "http://www.queenalice.com/game.php?id=1169847"]
[Date "2013.4.9"]
[Round "1"]
[White "tianedutra"]
[Black "hirano"]
[Result "1-0"]
[WhiteElo "1759"]
[BlackElo "1806"]

1. e4 e5 2. Nf3 d6 3. Bc4 Nf6 4. Nc3 Bg4 5. d3 Nc6 6. Be3 Qd7 7. h3 Bxf3 8. Qxf3
Nb4 9. Bb3 Be7 10. a3 Nc6 11. g4 h5 12. O-O-O hxg4 13. hxg4 O-O-O 14. Bxf7 Nxg4
15. Bh5 Nxe3 16. fxe3 Kb8 17. Bg4 Qe8 18. Rxh8 Qxh8 19. Nd5 Bg5 20. Rh1 Bh6 21.
Kb1 Rf8 22. Qh3 b5 23. Bd7 Nd8 24. Bxb5 c6 25. Ba6 Nb7 26. Qd7 Nc5 27. Qxd6+ Ka8
28. Nc7+ Kb8 29. Ne8+ 1-0

[Event "AUTO-ADV-2847"]
[Site "http://www.queenalice.com/game.php?id=1180815"]
[Date "2013.5.12"]
[Round "1"]
[White "hirano"]
[Black "favazza2007"]
[Result "0-1"]
[WhiteElo "1783"]
[BlackElo "1818"]

1. e4 d5 2. f3 dxe4 3. fxe4 e5 4. Nf3 Nc6 5. Bb5 Bd7 6. c3 Bc5 7. d4 exd4 8.
cxd4 Bb4+ 9. Bd2 Bxd2+ 10. Nbxd2 Nge7 11. Ne5 Nxe5 12. dxe5 Bxb5 13. Qb3 Qd3 14.
Qxd3 Bxd3 15. Rc1 O-O-O 16. Rc3 Ba6 17. Nc4 Bxc4 18. Rxc4 Nc6 19. Rc5 Rhe8 20.
Rf1 Nxe5 21. Ra5 a6 22. Rf5 f6 0-1

[Event "AUTO-ADV-2847"]
[Site "http://www.queenalice.com/game.php?id=1180816"]
[Date "2013.5.12"]
[Round "1"]
[White "favazza2007"]
[Black "hirano"]
[Result "0-1"]
[WhiteElo "1874"]
[BlackElo "1768"]

1. c4 e5 2. Nc3 c6 3. d3 d5 4. cxd5 cxd5 5. e3 Bb4 6. Bd2 Nc6 7. g3 Nf6 8. Bg2
O-O 9. Nge2 Bg4 10. O-O d4 11. exd4 exd4 12. Ne4 Re8 13. Nxf6+ Qxf6 14. f3 Bf5
15. Bxb4 Nxb4 16. Nc1 Qa6 17. a3 Re3 18. axb4 Qxa1 19. f4 Qxb2 20. Bxb7 Rb8 21.
Be4 Bxe4 22. dxe4 Rxb4 23. Qg4 Qc2 24. Qh3 Rb1 25. Kh1 Rxc1 26. Kg1 Ree1 27. Qd7
Rxf1# 0-1

[Event "AUTO-ADV-2847"]
[Site "http://www.queenalice.com/game.php?id=1180817"]
[Date "2013.5.12"]
[Round "1"]
[White "hirano"]
[Black "professoralesson"]
[Result "1-0"]
[WhiteElo "1799"]
[BlackElo "1622"]

1. e4 e5 2. Nf3 d6 3. c3 Nf6 4. d3 c5 5. Bg5 h6 6. Bh4 Qb6 7. b3 g5 8. Bg3 h5 9.
h3 g4 10. hxg4 Nxg4 11. Nh2 Nxh2 12. Rxh2 Bg4 13. Be2 Bxe2 14. Qxe2 Nd7 15. Rxh5
Rxh5 16. Qxh5 Nf6 17. Qh4 Nd7 18. Nd2 Be7 19. Qg4 O-O-O 20. Nc4 Qa6 21. a4 Kb8
22. Bh4 Bxh4 23. Qxh4 f6 24. g3 b5 25. Ne3 bxa4 26. Kd2 Qb5 27. bxa4 Qb2+ 28.
Nc2 Nb6 29. Qxf6 Kc7 30. Qf7+ Rd7 31. Qa2 Qxa2 32. Rxa2 Rf7 33. Ke3 Nd7 34. a5
Nf6 35. f3 Nh5 36. g4 Ng3 37. Na3 Kc6 38. c4 a6 39. Rb2 Kc7 40. Rb6 Nf1+ 41. Kf2
Nd2 42. Ke3 Nf1+ 43. Ke2 Ng3+ 44. Kd2 Rxf3 45. Rxa6 Rf2+ 46. Kc1 Ne2+ 47. Kb1
Nc3+ 48. Kc1 Na2+ 49. Kd1 Nb4 50. Nb5+ Kd7 51. Rxd6+ Ke7 52. g5 Rg2 53. a6 Rxg5
54. Rb6 Rg8 55. a7 Kd7 56. Rb8 Rg1+ 57. Ke2 Nc6 58. Rb7+ Kc8 59. a8=Q+ Nb8 60.
Qxb8# 1-0

[Event "AUTO-ADV-2847"]
[Site "http://www.queenalice.com/game.php?id=1180818"]
[Date "2013.5.12"]
[Round "1"]
[White "professoralesson"]
[Black "hirano"]
[Result "0-1"]
[WhiteElo "1653"]
[BlackElo "1788"]

1. e4 e5 2. Nf3 Nc6 3. Bb5 a6 4. Bxc6 bxc6 5. Nxe5 Qg5 6. Ng4 d5 7. d3 Qg6 8.
Ne5 Qxg2 9. Rf1 Qxh2 10. d4 Bh3 11. Qf3 f6 12. Rh1 Qg2 13. Qxh3 Qxe4+ 14. Be3
fxe5 15. Nc3 Qxc2 16. Qe6+ Ne7 17. Rc1 Qxb2 18. Qxe5 Qb4 19. Qxc7 Qb8 20. Qxb8+
Rxb8 21. Na4 Nf5 22. Rxc6 Nxe3 23. Rh5 Nc2+ 24. Rxc2 Rb4 25. Re5+ Kd8 26. Rxd5+
Ke8 27. Re2+ Kf7 28. Nc5 Bxc5 29. Rd7+ Kf6 30. dxc5 Rc8 31. Rd6+ Kg5 32. Re5+
Kf4 33. Red5 Re8+ 34. Kf1 Kf3 35. Rd3+ Kf4 36. Rxa6 h5 37. Kg2 g5 38. Rf3+ Kg4
39. a3 h4 40. c6 Rc4 41. a4 Rc8 42. Rf6 Rc2 43. Rb6 h3+ 44. Kf1 Rh8 45. Rb4+ Kh5
46. Rf3 Kg6 47. c7 h2 48. Rb6+ Kg7 49. Rg3 h1=Q+ 50. Rg1 Qh3+ 51. Rg2 Qd3+ 52.
Ke1 Qe2# 0-1

[Event "AUTO-ADV-2847"]
[Site "http://www.queenalice.com/game.php?id=1180819"]
[Date "2013.5.12"]
[Round "1"]
[White "hirano"]
[Black "AlexTenorio"]
[Result "1-0"]
[WhiteElo "1742"]
[BlackElo "1643"]

1. e4 e5 2. Nf3 Nc6 3. Bb5 a6 4. Ba4 b5 5. Bb3 a5 6. Bd5 Qf6 7. c3 Bc5 8. d4
exd4 9. cxd4 Bb6 10. Be3 Nge7 11. Nc3 Nxd5 12. Nxd5 Qe6 13. Nxb6 cxb6 14. d5
Qxe4 15. dxc6 Qb4+ 16. Qd2 Qxd2+ 17. Nxd2 dxc6 18. Bxb6 a4 19. O-O-O O-O 20. Ne4
Be6 21. a3 Bd5 22. f3 Bxe4 23. fxe4 f5 24. e5 Rfe8 25. Rhe1 Re6 26. Rd6 Rae8 27.
Rxe6 Rxe6 28. Bc7 g5 29. Rd1 h5 30. Rd6 Kf7 31. Kc2 Rxe5 32. Rd2 Re6 33. Kc3 Re4
34. Rd6 Rc4+ 35. Kd3 g4 36. Rh6 c5 37. Be5 Re4 38. Bc3 b4 39. Rf6+ Ke7 40. Rxf5
Re6 41. axb4 cxb4 42. Bxb4+ Kd7 43. Rxh5 Rb6 44. Ba3 Rb3+ 45. Kc2 g3 46. h4 Re3
47. Kd2 Ke6 48. Kxe3 1-0

[Event "AUTO-ADV-2847"]
[Site "http://www.queenalice.com/game.php?id=1180820"]
[Date "2013.5.12"]
[Round "1"]
[White "AlexTenorio"]
[Black "hirano"]
[Result "1-0"]
[WhiteElo "1621"]
[BlackElo "1764"]

1. e4 c5 2. Nf3 e6 3. e5 f6 4. d4 d5 5. Bb5+ Bd7 6. Bxd7+ Nxd7 7. Be3 Qb6 8. b3
cxd4 9. Qxd4 Bc5 10. Qc3 Qb5 11. Bxc5 Qxc5 12. Qxc5 Nxc5 13. Nc3 Ne4 14. Nxe4
dxe4 15. Nd4 Kf7 16. exf6 gxf6 17. O-O-O a6 18. Rhe1 f5 19. f3 Nf6 20. fxe4 Nxe4
21. Rf1 Rad8 22. g4 Kg6 23. gxf5+ exf5 24. Rxf5 Rxd4 25. Rxd4 Kxf5 26. Rd7 b5
27. Ra7 Nc5 28. Rc7 Ne4 29. c4 Nc3 30. Kb2 Ne4 31. c5 Rd8 32. c6 Rd2+ 33. Ka3
Rxh2 34. Ra7 Nc3 35. c7 Rxa2+ 36. Kb4 Rc2 37. c8=Q+ Ke4 38. Qe6+ Kf3 39. Qf5+
Ke3 40. Qxc2 1-0

[Event "Challenge"]
[Site "http://www.queenalice.com/game.php?id=1186469"]
[Date "2013.5.31"]
[Round "-"]
[White "fougalios"]
[Black "hirano"]
[Result "0-1"]
[WhiteElo "1823"]
[BlackElo "1808"]

1. d4 d5 2. Nf3 Nc6 3. c3 f6 4. Bf4 e6 5. e3 Bd6 6. Nbd2 e5 7. dxe5 fxe5 8. Bg3
Bg4 9. Qb3 Nge7 10. Bb5 a6 11. Bxc6+ bxc6 12. Nxe5 Bxe5 13. Bxe5 O-O 14. O-O Ng6
15. Bg3 h5 16. h3 Be6 17. Nf3 Bxh3 18. gxh3 Rxf3 19. Qa4 Qg5 20. Kh2 Raf8 21.
Qc2 h4 22. Bxc7 Ne5 23. Bd6 Rxf2+ 24. Rxf2 Qg3+ 0-1

[Event "AUTO-INT-2535"]
[Site "http://www.queenalice.com/game.php?id=1192335"]
[Date "2013.6.19"]
[Round "2"]
[White "Amazona"]
[Black "hirano"]
[Result "1-0"]
[WhiteElo "1779"]
[BlackElo "1788"]

1. e4 e5 2. Nf3 Nc6 3. d4 f6 4. dxe5 Nxe5 5. b3 c6 6. Bb2 Bd6 7. Qxd6 Nf7 8. Qd4
Ne7 9. Nbd2 O-O 10. Nc4 d5 11. exd5 Nf5 12. Qd3 cxd5 13. Ncd2 Ng5 14. Nxg5 fxg5
15. Be2 Re8 16. O-O Qe7 17. Rfe1 Qd6 18. Bg4 Rxe1+ 19. Rxe1 Ne7 20. Qd4 Kf8 21.
Qxg7+ Ke8 22. Bf6 1-0

[Event "AUTO-INT-2535"]
[Site "http://www.queenalice.com/game.php?id=1192336"]
[Date "2013.6.19"]
[Round "2"]
[White "hirano"]
[Black "Amazona"]
[Result "1-0"]
[WhiteElo "1755"]
[BlackElo "1798"]

1. e4 e5 2. Nf3 d6 3. c3 Nc6 4. d4 Bg4 5. Be2 Nf6 6. Bg5 Bxf3 7. Bxf3 Be7 8. O-O
h6 9. Be3 Na5 10. d5 O-O 11. Qd3 b6 12. Qa6 Qc8 13. Qb5 a6 14. Qe2 b5 15. h3 c6
16. Nd2 cxd5 17. exd5 Qb7 18. Ne4 Nxd5 19. Bh5 Nc4 20. Qg4 Ndxe3 21. fxe3 Nxe3
22. Qf3 Nxf1 23. Nf6+ Bxf6 24. Qxb7 Ne3 25. Qe4 Nc4 26. b3 Na5 27. Qe1 Rfe8 28.
c4 e4 29. Qxa5 Bxa1 30. Qc7 g6 31. Be2 Be5 32. cxb5 Rec8 33. Qb7 Bd4+ 34. Kh2
Be5+ 35. g3 Rab8 36. Qxa6 Rc2 37. b6 Rc6 38. Bc4 Rcxb6 39. Qa7 R6b7 40. Qe3 Re7
41. Qxh6 Bg7 42. Qf4 Be5 43. Qg5 Rbb7 44. Qxg6+ Bg7 45. Qxd6 e3 46. Bd3 e2 47.
Bxe2 Rxe2+ 48. Kg1 Be5 49. Qa6 Re7 50. Qxe2 Bd4+ 51. Kf1 Rxe2 52. Kxe2 Kg7 53.
a4 Bc3 54. Kd3 Be1 55. g4 Kg6 56. Ke2 Ba5 57. h4 Bb4 58. Kd3 Be7 59. h5+ Kg5 60.
a5 Bd6 61. a6 Bb8 62. b4 Kxg4 63. h6 Kg5 64. h7 Be5 65. a7 Kg6 66. a8=Q 1-0

[Event "AUTO-INT-2535"]
[Site "http://www.queenalice.com/game.php?id=1192337"]
[Date "2013.6.19"]
[Round "2"]
[White "Ridigroll"]
[Black "hirano"]
[Result "1/2-1/2"]
[WhiteElo "2058"]
[BlackElo "1742"]

1. e4 e5 2. Nc3 f6 3. d4 Ne7 4. dxe5 fxe5 5. Bg5 h6 6. Qh5+ g6 7. Bxe7 Qxe7 8.
Qxg6+ Qf7 9. Qg3 d6 10. O-O-O Nc6 11. Bb5 Bd7 12. Nf3 Be7 13. h4 O-O-O 14. Nd5
Rhg8 15. Qh2 a6 16. Ba4 b5 17. Bb3 Qg6 18. Nxe7+ Nxe7 19. Bxg8 Nxg8 20. Rhe1 Nf6
21. Qg3 Bg4 22. Rd3 Nxe4 23. Rxe4 Qxe4 24. Re3 Qg6 25. Nh2 h5 26. Nxg4 hxg4 27.
f3 Rg8 28. Qf2 g3 29. Qd2 Qe6 30. Re4 Qxa2 31. Qc3 Qa1+ 32. Kd2 Qh1 33. Re2 Qxh4
34. Qa3 Qd4+ 35. Kc1 Rh8 36. Qxa6+ Kd7 37. Qxb5+ Ke6 38. Qd3 Rh1+ 39. Kd2 Qxd3+
40. Kxd3 Kf5 41. Ke3 d5 42. c3 c5 43. Rd2 Re1+ 44. Kd3 c4+ 45. Kc2 Kf4 46. b3
cxb3+ 47. Kxb3 Ke3 48. Rxd5 Kf2 49. Rd2+ Re2 50. Rxe2+ Kxe2 51. c4 Kf2 52. c5
Kxg2 53. c6 Kxf3 54. c7 g2 55. c8=Q g1=Q 56. Qf5+ Kg2 57. Qxe5 1/2-1/2

[Event "AUTO-INT-2535"]
[Site "http://www.queenalice.com/game.php?id=1192338"]
[Date "2013.6.19"]
[Round "2"]
[White "hirano"]
[Black "Ridigroll"]
[Result "0-1"]
[WhiteElo "1747"]
[BlackElo "2029"]

1. e4 e6 2. d3 d5 3. e5 c5 4. c3 Nc6 5. d4 Qb6 6. Nf3 cxd4 7. cxd4 Nh6 8. Bxh6
gxh6 9. b3 Bg7 10. Nc3 O-O 11. Be2 f6 12. exf6 Rxf6 13. O-O Bd7 14. Bb5 Raf8 15.
Bxc6 Bxc6 16. Ne5 Rf4 17. Ne2 Re4 18. Rc1 Bxe5 19. dxe5 Rxe5 20. Nd4 Re4 21.
Nxc6 bxc6 22. Rc3 Kh8 23. Rf3 Rg8 24. Re1 Qb4 25. Rxe4 Qxe4 26. g3 h5 27. Re3
Qf5 28. Rf3 Qg4 29. a4 h4 30. Rf4 Qxf4 31. Qe1 Qe4 32. Qc3+ d4 33. Qc5 hxg3 34.
hxg3 d3 35. b4 Qd5 36. Qe7 Qe5 37. Qd7 Qf5 38. Qxc6 e5 39. Qd5 Rf8 0-1

[Event "OS INCLIVEIS"]
[Site "http://www.queenalice.com/game.php?id=1208726"]
[Date "2013.8.16"]
[Round "-"]
[White "adelio"]
[Black "hirano"]
[Result "1-0"]
[WhiteElo "1729"]
[BlackElo "1760"]

1. b4 c6 2. c4 e6 3. a3 a5 4. Bb2 axb4 5. axb4 Rxa1 6. Bxa1 Bxb4 7. Bxg7 f6 8.
Bxh8 Ne7 9. Bxf6 Na6 10. Nc3 Nc5 11. Qc2 d5 12. Qxh7 Bxc3 13. Bxc3 Qb6 14. e3
Ne4 15. Qh5+ Kd8 16. Qd1 dxc4 17. Bxc4 Qc5 18. Qe2 b5 19. Qd3+ Nd6 20. Bb3 Ba6
21. Bf6 Qa3 22. Bxe7+ Kxe7 23. Qh7+ Nf7 24. Qh4+ Kf8 25. Bd1 b4 26. Ne2 b3 27.
Nd4 Bc4 28. Nxc6 b2 29. Qxc4 b1=Q 30. O-O Qd6 31. Bf3 Qh7 32. g3 e5 33. Bd5 Ng5
34. Rb1 e4 35. Rb8+ Qxb8 36. Qc5+ Ke8 37. Nxb8 Nf3+ 38. Kf1 Nxh2+ 39. Kg2 Nf3
40. Qc8+ Ke7 41. Qd7+ 1-0

[Event "AUTO-ADV-2847"]
[Site "http://www.queenalice.com/game.php?id=1208931"]
[Date "2013.8.17"]
[Round "2"]
[White "MrGreen"]
[Black "hirano"]
[Result "1-0"]
[WhiteElo "2433"]
[BlackElo "1743"]

1. Nf3 d6 2. Nc3 e5 3. d4 exd4 4. Nxd4 Nc6 5. e4 Nf6 6. Be2 Ne5 7. f4 Ned7 8.
O-O Be7 9. g4 c5 10. Nf5 O-O 11. g5 Ne8 12. Nd5 Bf6 13. gxf6 Ndxf6 14. Nde7+ Kh8
15. e5 Ne4 16. Bf3 Bxf5 17. Nxf5 d5 18. c4 Qb6 19. Qxd5 N4f6 20. exf6 Nxf6 21.
Qxb7 Qe6 22. Ne3 Rab8 23. Qc6 Qh3 24. Qxc5 h5 25. Qf5 1-0

[Event "AUTO-ADV-2847"]
[Site "http://www.queenalice.com/game.php?id=1208932"]
[Date "2013.8.17"]
[Round "2"]
[White "hirano"]
[Black "MrGreen"]
[Result "0-1"]
[WhiteElo "1741"]
[BlackElo "2434"]

1. e4 e5 2. Nf3 Nc6 3. d4 exd4 4. Nxd4 Nf6 5. Nc3 Bb4 6. Bd2 Nxd4 7. Bg5 Ne6 8.
Bh4 g5 9. Bg3 Nxe4 10. Be5 Bxc3+ 11. bxc3 O-O 12. Qg4 f5 13. Qh5 d6 14. Bd4 c5
15. Be3 Qa5 16. Rd1 Qxc3+ 17. Bd2 Qxc2 18. f3 Nf4 19. Qh6 Re8 20. fxe4 Qxe4+ 21.
Kf2 Qd4+ 22. Kf3 g4+ 23. Kg3 Re3+ 24. Bxe3 Qxe3+ 25. Kh4 Nxg2+ 26. Kh5 Qe8+ 27.
Kg5 Qe7+ 28. Qf6 Qe3+ 29. Kh5 Qh3+ 0-1

[Event "AUTO-ADV-2847"]
[Site "http://www.queenalice.com/game.php?id=1208935"]
[Date "2013.8.17"]
[Round "2"]
[White "hirano"]
[Black "Espechess"]
[Result "0-1"]
[WhiteElo "1766"]
[BlackElo "2016"]

1. e4 c5 2. Nf3 e6 3. d4 cxd4 4. Nxd4 Nc6 5. Nc3 Nf6 6. Bc4 Bb4 7. Nxc6 dxc6 8.
Qxd8+ Kxd8 9. Bd2 Ke7 10. Bg5 h6 11. Bxf6+ Kxf6 12. O-O-O Bxc3 13. bxc3 e5 14.
Rd6+ Ke7 15. Rhd1 a6 16. a4 b5 17. axb5 cxb5 18. Be2 Be6 19. h3 Rhd8 20. Rb6
Rxd1+ 21. Bxd1 Bc4 22. g3 a5 23. Bh5 a4 24. Rb7+ Kd6 25. Bxf7 Bf1 26. Be8 Rxe8
27. Rxg7 a3 28. Ra7 Bxh3 29. Ra6+ Kc5 30. Rxa3 Rf8 31. Ra6 h5 32. Rh6 Bg4 0-1

[Event "AUTO-ADV-2847"]
[Site "http://www.queenalice.com/game.php?id=1208936"]
[Date "2013.8.17"]
[Round "2"]
[White "Espechess"]
[Black "hirano"]
[Result "1-0"]
[WhiteElo "2007"]
[BlackElo "1773"]

1. e4 e5 2. Nf3 Nc6 3. Bb5 Nge7 4. c3 a6 5. Ba4 b5 6. Bb3 g6 7. d3 d5 8. exd5
Nxd5 9. h3 b4 10. c4 Nf4 11. Bxf4 exf4 12. O-O Be7 13. Re1 O-O 14. d4 Bb7 15. d5
Na5 16. Nbd2 Nxb3 17. Qxb3 c6 18. dxc6 Bxc6 19. Rad1 Qc7 20. Ne4 Rfd8 21. Qc2
Rxd1 22. Rxd1 Rd8 23. Rxd8+ Bxd8 24. b3 Be7 25. Kf1 Qe5 26. Nxe5 1-0